|
|
|
|
| LEADER |
00000cam a2200000 c 4500 |
| 001 |
1074923081 |
| 003 |
DE-627 |
| 005 |
20260225125826.0 |
| 007 |
tu |
| 008 |
850101s1966 gw ||||| m 00| ||ger c |
| 016 |
7 |
|
|a 457107200
|2 DE-101
|
| 035 |
|
|
|a (DE-627)1074923081
|
| 035 |
|
|
|a (DE-603)120292718
|
| 035 |
|
|
|a (DE-576)004923081
|
| 035 |
|
|
|a (DE-599)BSZ004923081
|
| 035 |
|
|
|a (OCoLC)1050479001
|
| 035 |
|
|
|a (OCoLC)11184333
|
| 035 |
|
|
|a (DE-604)8064479730
|
| 035 |
|
|
|a (AT-OBV)AC00072585
|
| 040 |
|
|
|a DE-627
|b ger
|c DE-627
|e rakwb
|
| 041 |
|
|
|a ger
|
| 044 |
|
|
|c XA-DE
|
| 084 |
|
|
|a 17a
|2 sdnb
|
| 084 |
|
|
|a YH 3267
|2 rvk
|0 (DE-625)rvk/153537:12974
|
| 084 |
|
|
|a BK 1950
|2 rvk
|0 (DE-625)rvk/11842:
|
| 100 |
1 |
|
|a Jordan, Dörthe
|4 aut
|
| 245 |
1 |
0 |
|a Hodenhistologie bei Oligospermie in Abhaengigkeit zur Spermatozoenzahl
|c von Dörthe Jordan
|
| 264 |
|
1 |
|a Stuttgart
|b Enke
|c 1966
|
| 300 |
|
|
|a 86 S.
|
| 336 |
|
|
|a Text
|b txt
|2 rdacontent
|
| 337 |
|
|
|a ohne Hilfsmittel zu benutzen
|b n
|2 rdamedia
|
| 338 |
|
|
|a Band
|b nc
|2 rdacarrier
|
| 490 |
1 |
|
|a Beiträge zur Sexualforschung
|v 37
|
| 502 |
|
|
|a Zugl.: Hamburg, Univ., Diss., 1966
|
| 505 |
8 |
|
|a Literaturverz. S. 84 - 86
|
| 583 |
1 |
|
|a Archivierung/Langzeitarchivierung gewährleistet
|f PEBW
|x XA-DE-BW
|2 pdager
|5 DE-24
|
| 583 |
1 |
|
|a Massenentsäuert
|c 2010
|k DE-18
|2 pdager
|5 DE-18-64
|
| 583 |
1 |
|
|a Massenentsäuert
|c 2010
|2 pdager
|5 DE-18
|
| 583 |
1 |
|
|a Archivierung/Langzeitarchivierung gewährleistet
|f SSG
|x XA-DE-BW
|2 pdager
|5 DE-21
|
| 583 |
1 |
|
|a Archivierung prüfen
|c 20240324
|f DE-4165
|z 3
|2 pdager
|
| 650 |
|
0 |
|a Spermatozoa
|
| 650 |
|
0 |
|a Testis
|x Anatomy and histology
|
| 650 |
|
0 |
|a Testicular diseases
|
| 650 |
|
2 |
|a Spermatozoa
|
| 650 |
|
2 |
|a Testicular Diseases
|
| 650 |
0 |
7 |
|0 (DE-588)4172552-9
|0 (DE-627)700099255
|0 (DE-576)21680468X
|a Oligospermie
|2 gnd
|
| 655 |
|
7 |
|a Hochschulschrift
|0 (DE-588)4113937-9
|0 (DE-627)105825778
|0 (DE-576)209480580
|2 gnd-content
|
| 751 |
|
|
|a Hamburg
|0 (DE-588)4023118-5
|0 (DE-627)106305433
|0 (DE-576)20894754X
|4 uvp
|
| 830 |
|
0 |
|a Beiträge zur Sexualforschung
|v 37
|9 37
|w (DE-627)130216607
|w (DE-576)01576267X
|w (DE-600)536802-9
|x 0067-5210
|7 am
|
| 889 |
|
|
|w (DE-627)02057973X
|
| 935 |
|
|
|a mtex
|
| 935 |
|
|
|i mdedup
|
| 935 |
|
|
|h HEB
|i 0501
|
| 935 |
|
|
|h HEB
|i 0503
|
| 936 |
r |
v |
|a YH 3267
|b Männliche Geschlechtsorgane (Hoden, Nebenhoden, Penis, Prostata)
|k Medizin
|k Psychiatrie, Medizinische Psychologie
|k Sexualmedizin, Sexualwissenschaft
|k B. Sachschlüssel
|k Unterteilung nach Organen und Organsystemen
|k Harn- und Geschlechtsapparat
|k Männliche Geschlechtsorgane (Hoden, Nebenhoden, Penis, Prostata)
|0 (DE-627)1272254623
|0 (DE-625)rvk/153537:12974
|0 (DE-576)202254623
|
| 936 |
r |
v |
|a BK 1950
|b Schriftenreihen
|k Theologie und Religionswissenschaften
|k Theologische Ethik/Moraltheologie
|k Sammelwerke
|k Schriftenreihen
|0 (DE-627)1270724886
|0 (DE-625)rvk/11842:
|0 (DE-576)200724886
|
| 936 |
s |
n |
|a w200
|2 mzub
|
| 936 |
s |
n |
|a b100
|2 mzub
|
| 951 |
|
|
|a BO
|
| ELC |
|
|
|b 1
|
| LOK |
|
|
|0 000 xxxxxcx a22 zn 4500
|
| LOK |
|
|
|0 001 2873258527
|
| LOK |
|
|
|0 003 DE-627
|
| LOK |
|
|
|0 004 1074923081
|
| LOK |
|
|
|0 005 20260219131956
|
| LOK |
|
|
|0 008 150728||||||||||||||||ger|||||||
|
| LOK |
|
|
|0 040
|a DE-21-110
|c DE-627
|d DE-21-110
|
| LOK |
|
|
|0 852
|z Kein Bestand am IfK; Nachweis für KrimDok
|
| LOK |
|
|
|0 852
|a DE-21-110
|
| LOK |
|
|
|0 852 1
|m v
|9 00
|
| LOK |
|
|
|0 935
|a k110
|
| LOK |
|
|
|0 938
|k v
|
| LOK |
|
|
|0 939
|a 28-07-15
|b l01
|
| ORI |
|
|
|a WA-MARC-krimdoka001.raw
|